000 00842nam a2200217 a 4500
001 BRCA_1398
005 20190320203418.0
008 830426s1981 mx-f---##b---#000-0#spa-#
020 _a9685829810
050 4 _aBX3250
_b.B34 1981
100 1 _aBáez Macías, Eduardo
_910
245 1 0 _aEl santo desierto
_bjardín de contemplación de los Carmelitas descalzos en la Nueva España
_cEduardo Báez Macías ; fotografías de Pedro Cuevas.
260 _aMéxico
_bUNAM. Coordinación de Humanidades
_c1981
300 _a112 p.
_bil. (algunas a color)
_c24 cm.
504 _aIncluye referencias bibliográficas
610 2 4 _aCarmelitas (Congregación española)
_94574
610 2 4 _aSanto Desierto de Cuajimalpa (Monasterio)
_94575
610 2 4 _aSanto Desierto de Tenancingo (Monasterio)
_94576
653 0 _aOrdenes religiosas
942 _2lcc
_cB
999 _c1260
_d1260